01295nam a2200277 a 450000500170000000800410001702000180005803500090007604000090008509000150009424501400010925600250024926000320027430000110030650400190031750602800033665000180061670000280063470000360066274000380069883000540073685601050079094200080089595200950090399900190099820240305165346.0091117s2009 sp 001 0 spa c a9788498497366 a5726 avLex c2416d241603aEl derecho civil h[Recurso electrónico] :bcuaderno I /cCarmen Bayod López...[et al.]; coordinadora: María Pilar Ferrer Vanrell aServicio en línea. aMadrid :bDykinson,cDL2009 a128 p. aBibliografía1 aContenido solo disponible en los productos indicadosdvLex GlobaldvLex Global (Academic Edition, excluding Law Schools)dvLex Global (U.S. Academic Edition, Law Schools)dvLex Global (U.S. Academic Edition, excluding Law Schools)dvLex Global (Academic Edition, Law Schools) 4aDerecho civil1 aBayod López, Carmen 1 aFerrer Vanrell, María Pilar 0 avLex Libros (Servicio en línea) 0aCuadernos prácticos Bolonia.pparte general;v140uhttps://app.vlex.com/#/sources/cuadernos-practicos-bolonia-parte-general-cuaderno-derecho-civil-5726 cRAA 001040708VLEX9318887aBD-UINbBD-UINd2024-03-05l0p5726r2024-03-05w2024-03-05yRAA c160845d160845